Metodický postup pri racionalizácii riadenia v hospodárskych jednotkách

Gespeichert in:
Bibliographische Detailangaben
1. Verfasser: Majtán, Miroslav
Weitere Verfasser: Burian, Walter
Format: Buchkapitel
Sprache:Slowakisch
Tags: Tag hinzufügen
Keine Tags, Fügen Sie das erste Tag hinzu!

MARC

LEADER 00000naa$a2200000$$$4500
001 0106306
005 20240502072159.0
041 0 |a slo 
044 |a SK 
245 1 0 |a Metodický postup pri racionalizácii riadenia v hospodárskych jednotkách  |c Miroslav Majtán, Walter Burian 
100 1 |a Majtán, Miroslav 
700 1 |a Burian, Walter